[Event "2018 Happy Times ahead"]
[Site "SchemingMind.com"]
[Date "2018.01.05"]
[Round "-"]
[White "Helga1946"]
[Black "cnile"]
[Result "1-0"]
[WhiteCountry "GER"]
[BlackCountry "SCO"]
[WhiteElo "2228"]
[WhiteRD "67"]
[BlackElo "1466"]
[BlackRD "64"]
[GameID "422645"]

1. e4 e6 2. d4 d5 3. exd5 exd5 4. Bd3 Bd6 5. Nf3 Ne7 6. O-O Bf5 7. Bxf5 Nxf5 8. Qe2+ Qe7 9. Qd3 Qf6 10. Re1+ Ne7
11. Bg5 Qg6 12. Qb5+ Nd7 13. Bxe7 Bxe7 14. Nc3 c6 15. Qxb7 O-O 16. Rxe7 Nf6 17. Ne5 Ne4 18. Nxg6
1-0

[Event "2018 Happy Times ahead"]
[Site "SchemingMind.com"]
[Date "2018.01.04"]
[Round "-"]
[White "cnile"]
[Black "Shanks"]
[Result "1-0"]
[WhiteCountry "SCO"]
[BlackCountry "ENG"]
[WhiteElo "1466"]
[WhiteRD "64"]
[BlackElo "1313"]
[BlackRD "66"]
[GameID "422760"]

1. d4 Nf6 2. c4 d6 3. Nc3 Nbd7 4. e4 e5 5. d5 Be7 6. Nf3 O-O 7. Be2 c6 8. h3 c5 9. Be3 b6 10. O-O a6
11. a4 Bb7 12. Nh4 Ne8 13. Nf3 f5 14. Bd2 f4 15. Re1 Nef6 16. Ng5 h6 17. Ne6 Qe8 18. Nc7 Qf7 19. Nxa8 Bxa8 20. Bf3 Nh7
21. Rb1 g5 22. Bg4 Ndf6 23. Bf3 b5 24. axb5 axb5 25. Bg4 b4 26. Be6 Qxe6 27. dxe6 bxc3 28. Bxc3 Bb7 29. Qa4 Bxe4 30. Ra1 Bf5
31. Qa7 Re8 32. Red1 Bxe6 33. Qa6 Ne4 34. Qb5 Kf7 35. Ra7 Nxc3 36. bxc3 Nf6 37. Rxd6 Ne4 38. Rxe6 Kxe6 39. Qxe8 Nxc3 40. Qxe7+ Kf5
41. f3 Ne2+ 42. Kf2 Nd4 43. Qf7#
1-0

[Event "2018 Happy Times ahead"]
[Site "SchemingMind.com"]
[Date "2018.01.06"]
[Round "-"]
[White "Helga1946"]
[Black "Shanks"]
[Result "1-0"]
[WhiteCountry "GER"]
[BlackCountry "ENG"]
[WhiteElo "2228"]
[WhiteRD "67"]
[BlackElo "1313"]
[BlackRD "66"]
[GameID "422761"]

1. e4 e6 2. d4 d5 3. exd5 exd5 4. Qe2+ Be6 5. Nf3 h6 6. Qb5+ c6 7. Qxb7 Qa5+ 8. Kd1 Bd7 9. Bd2 Qb6 10. Qxa8 Bd6
11. Nc3 Ne7 12. Na4 O-O 13. Nxb6 Be6 14. Qxa7 c5 15. Bb5 c4 16. a4 Bg4 17. a5 Bf5 18. a6 Bg4 19. Qb7 Bxf3+ 20. gxf3 f5
21. Nxd5 Ng6 22. Bxh6 gxh6 23. Rg1
1-0

[Event "2018 Happy Times ahead"]
[Site "SchemingMind.com"]
[Date "2018.01.05"]
[Round "-"]
[White "TheHornedReaper "]
[Black "cnile"]
[Result "0-1"]
[WhiteCountry "ROU"]
[BlackCountry "SCO"]
[WhiteElo "1554"]
[WhiteRD "82"]
[BlackElo "1481"]
[BlackRD "67"]
[GameID "422883"]

1. e4 e5 2. Nf3 Nc6 3. Bb5 a6 4. Ba4 Nf6 5. O-O b5 6. Bb3 Be7 7. Re1 O-O 8. c3 d6 9. d4 Na5 10. Bc2 h6
11. d5 c6 12. dxc6 Nxc6
0-1

[Event "2018 Happy Times ahead"]
[Site "SchemingMind.com"]
[Date "2018.01.05"]
[Round "-"]
[White "TheHornedReaper "]
[Black "Shanks"]
[Result "0-1"]
[WhiteCountry "ROU"]
[BlackCountry "ENG"]
[WhiteElo "1246"]
[WhiteRD "49"]
[BlackElo "1402"]
[BlackRD "66"]
[GameID "422884"]

1. e4 e6 2. d4 d5 3. e5 a6 4. f4 Ne7 5. Nf3 Nbc6 6. Bd3 Na7 7. O-O Nac6 8. c3 b6 9. Qc2 g6 10. Nbd2 Bh6
11. Nb3 Bb7 12. Bd2 Bg7 13. Rae1 O-O 14. Re2 a5
0-1

[Event "2018 Happy Times ahead"]
[Site "SchemingMind.com"]
[Date "2018.01.06"]
[Round "-"]
[White "Helga1946"]
[Black "TheHornedReaper "]
[Result "1-0"]
[WhiteCountry "GER"]
[BlackCountry "ROU"]
[WhiteElo "2249"]
[WhiteRD "67"]
[BlackElo "1246"]
[BlackRD "49"]
[GameID "422885"]

1. e4 e6 2. d4 d5 3. exd5 exd5 4. Bd3 Nf6 5. Nf3 Bg4 6. O-O Bd6 7. Re1+ Be7 8. Bg5 O-O 9. h3 Bh5 10. Nbd2 Bd6
11. c3 Bg6 12. Bxf6 gxf6 13. Nf1
1-0

[Event "2018 Happy Times ahead"]
[Site "SchemingMind.com"]
[Date "2018.01.14"]
[Round "-"]
[White "Phillip Beckett"]
[Black "cnile"]
[Result "1-0"]
[WhiteCountry "ENG"]
[BlackCountry "SCO"]
[WhiteElo "1550"]
[WhiteRD "52"]
[BlackElo "1466"]
[BlackRD "64"]
[GameID "423309"]

1. d4 Nf6 2. c4 c5 3. d5 b5 4. cxb5 a6 5. bxa6 Bxa6 6. Nc3 d6 7. g3 g6 8. Bg2 Bg7 9. Nf3 O-O 10. O-O Nbd7
11. Re1 Qc7 12. e4 Rfb8 13. e5 dxe5 14. b3 Ne8 15. Bb2 c4 16. Ne4 cxb3 17. axb3 Rxb3 18. Qxb3 Rb8 19. Qa3 Bb7 20. Rac1 Qb6
21. Bc3 Nd6 22. Nxd6 Nf6 23. Nc4 Qd8 24. Bxe5 Rc8 25. Bxf6 Bxf6 26. d6 Qxd6 27. Nxd6
1-0

[Event "2018 Happy Times ahead"]
[Site "SchemingMind.com"]
[Date "2018.01.17"]
[Round "-"]
[White "Phillip Beckett"]
[Black "Shanks"]
[Result "1-0"]
[WhiteCountry "ENG"]
[BlackCountry "ENG"]
[WhiteElo "1564"]
[WhiteRD "49"]
[BlackElo "1350"]
[BlackRD "67"]
[GameID "423310"]

1. d4 d5 2. c4 c6 3. cxd5 cxd5 4. Nc3 e6 5. Nf3 Nc6 6. Bf4 h6 7. e3 Nf6 8. Be2 Be7 9. O-O O-O 10. a3 a6
11. Ne5 Nxe5 12. Bxe5 Nh7 13. Bd3 f5 14. Qh5 Nf6 15. Bxf6 Bxf6 16. f4 Bd7 17. Rf3 Be8 18. Qh3 Bf7 19. Rg3 Qe8 20. Qxh6 g6
21. Rh3 Bg7 22. Qh7#
1-0

[Event "2018 Happy Times ahead"]
[Site "SchemingMind.com"]
[Date "2018.01.15"]
[Round "-"]
[White "Phillip Beckett"]
[Black "Helga1946"]
[Result "0-1"]
[WhiteCountry "ENG"]
[BlackCountry "GER"]
[WhiteElo "1550"]
[WhiteRD "52"]
[BlackElo "2228"]
[BlackRD "67"]
[GameID "423311"]

1. d4 d5 2. c4 dxc4 3. e4 e5 4. d5 b5 5. a4 Nf6 6. axb5 Nxe4 7. Bxc4 Bc5 8. Be3 Bxe3 9. fxe3 Qh4+ 10. g3 Nxg3
11. Nf3 Qh6 12. Rg1 Qxe3+ 13. Be2 Nf5 14. Nc3 O-O 15. Qd3 Qxd3 16. Bxd3 Nd6 17. O-O-O Nd7 18. Ne4 f5 19. Nxd6 cxd6 20. Nh4 e4
21. Bc4 Ne5 22. b3 f4 23. Rdf1 Bh3 24. Ng2 Nf3 25. Rxf3 exf3 26. Nh4 f2
0-1

[Event "2018 Happy Times ahead"]
[Site "SchemingMind.com"]
[Date "2018.01.19"]
[Round "-"]
[White "Phillip Beckett"]
[Black "TheHornedReaper "]
[Result "1-0"]
[WhiteCountry "ENG"]
[BlackCountry "ROU"]
[WhiteElo "1643"]
[WhiteRD "55"]
[BlackElo "1246"]
[BlackRD "49"]
[GameID "423312"]

1. d4 d5 2. c4 e6 3. Nc3 Nf6 4. Bg5 Be7 5. Nf3 O-O 6. e3 h6 7. Bh4 g5 8. Bg3 dxc4 9. Bxc4 a6 10. h4 b5
11. hxg5 bxc4 12. gxf6 Bxf6 13. Ne5 Bg7 14. Nxc4 Bb7 15. Bf4 Qf6 16. Be5
1-0

[Event "2018 Happy Times ahead"]
[Site "SchemingMind.com"]
[Date "2018.01.24"]
[Round "-"]
[White "cnile"]
[Black "Transcendent"]
[Result "1-0"]
[WhiteCountry "SCO"]
[BlackCountry "ENG"]
[WhiteElo "1481"]
[WhiteRD "67"]
[BlackElo "1567"]
[BlackRD "72"]
[GameID "423678"]

1. e4 e6 2. d4 d5 3. Nc3 Bb4 4. e5 c5 5. a3 Bxc3+ 6. bxc3 Ne7 7. Qg4 Qc7 8. Qxg7 Rg8 9. Qxh7 cxd4 10. Ne2 dxc3
11. Qd3 Bd7 12. Qxc3 Qxc3+ 13. Nxc3 Nbc6 14. f4 Nd4 15. Ra2 Rc8 16. Bd2
1-0

[Event "2018 Happy Times ahead"]
[Site "SchemingMind.com"]
[Date "2018.01.21"]
[Round "-"]
[White "Shanks"]
[Black "Transcendent"]
[Result "1-0"]
[WhiteCountry "ENG"]
[BlackCountry "ENG"]
[WhiteElo "1354"]
[WhiteRD "67"]
[BlackElo "1567"]
[BlackRD "72"]
[GameID "423679"]

1. d4 Nf6 2. Bg5 Ne4 3. Bf4 c5 4. d5 d6 5. f3 Nf6 6. c3 Qb6 7. Qc1 Nxd5 8. Bg3 Bd7 9. e4 Nf6 10. Ne2 Nc6
11. Na3 Na5 12. Nf4 g6 13. Nc4 Nxc4 14. Bxc4 Bg7 15. a3 O-O 16. Bf2 Bh6 17. g3
1-0

[Event "2018 Happy Times ahead"]
[Site "SchemingMind.com"]
[Date "2018.01.26"]
[Round "-"]
[White "Transcendent"]
[Black "Phillip Beckett"]
[Result "0-1"]
[WhiteCountry "ENG"]
[BlackCountry "ENG"]
[WhiteElo "1567"]
[WhiteRD "72"]
[BlackElo "1605"]
[BlackRD "56"]
[GameID "423680"]

1. d4 d5 2. c4 e6 3. Nf3 Nf6 4. g3 Be7 5. Bg2 c6 6. O-O Nbd7 7. Nbd2 O-O 8. Qc2 dxc4 9. Nxc4 Nb6 10. Nxb6 Qxb6
11. e4 c5 12. Be3 cxd4
0-1

[Event "2018 Happy Times ahead"]
[Site "SchemingMind.com"]
[Date "2018.01.26"]
[Round "-"]
[White "Helga1946"]
[Black "Transcendent"]
[Result "1-0"]
[WhiteCountry "GER"]
[BlackCountry "ENG"]
[WhiteElo "2278"]
[WhiteRD "66"]
[BlackElo "1567"]
[BlackRD "72"]
[GameID "423681"]

1. c4 e5 2. Nc3 Bb4 3. Nd5 Bc5 4. e3 c6 5. d4 exd4 6. exd4 cxd5 7. dxc5 Qa5+ 8. Bd2 Qxc5 9. Bc3 f6 10. Qh5+ Kf8
11. cxd5 d6 12. Nh3 Bxh3 13. Qxh3 Ne7 14. Rd1 Na6 15. Bxa6 bxa6 16. O-O Nxd5 17. Qf3 Nc7 18. Bxf6 gxf6 19. Qxf6+ Ke8 20. Rxd6
1-0

[Event "2018 Happy Times ahead"]
[Site "SchemingMind.com"]
[Date "2018.01.25"]
[Round "-"]
[White "kenneth m day"]
[Black "cnile"]
[Result "1-0"]
[WhiteCountry "USA"]
[BlackCountry "SCO"]
[WhiteElo "1759"]
[WhiteRD "62"]
[BlackElo "1466"]
[BlackRD "64"]
[GameID "423835"]

1. e4 e5 2. f4 exf4 3. Nf3 g5 4. Nc3 Bg7 5. g3 fxg3 6. hxg3 Nc6 7. d4 g4 8. Nh4 d6 9. Be2 Nxd4 10. Bxg4 Bxg4
11. Qxg4 Nxc2+ 12. Kd1 Nxa1 13. Qxg7 Qf6 14. Qxf6
1-0

[Event "2018 Happy Times ahead"]
[Site "SchemingMind.com"]
[Date "2018.01.25"]
[Round "-"]
[White "Shanks"]
[Black "kenneth m day"]
[Result "0-1"]
[WhiteCountry "ENG"]
[BlackCountry "USA"]
[WhiteElo "1354"]
[WhiteRD "67"]
[BlackElo "1716"]
[BlackRD "59"]
[GameID "423836"]

1. d4 d5 2. Nc3 Nf6 3. h3 Bf5 4. Nf3 h6 5. Nh4 Bh7 6. Bf4 g5 7. Bg3 gxh4 8. Bxh4 Nbd7 9. e3 c6 10. Bg3 Rg8
11. Be2 Qb6 12. Qc1 O-O-O 13. a4 e6 14. a5 Qb4 15. O-O Qe7 16. a6 b6 17. Nb1 Ne4 18. Bh2 Qg5 19. Bg4 Ndf6 20. Bf3 Qh4
21. c3 Qxh3 22. g3 Bd6 23. Bg2 Qf5 24. Bxe4 Nxe4 25. f4 Nxg3 26. Bxg3 Rxg3+ 27. Kh1 Qh3#
0-1

[Event "2018 Happy Times ahead"]
[Site "SchemingMind.com"]
[Date "2018.01.25"]
[Round "-"]
[White "kenneth m day"]
[Black "Phillip Beckett"]
[Result "1-0"]
[WhiteCountry "USA"]
[BlackCountry "ENG"]
[WhiteElo "1716"]
[WhiteRD "59"]
[BlackElo "1605"]
[BlackRD "56"]
[GameID "423837"]

1. e4 e5 2. Nf3 Nc6 3. c3 Nf6 4. d4 exd4 5. e5 Ne4 6. Qe2 Nc5 7. cxd4 Na4 8. d5 Bb4+ 9. Bd2 Bxd2+ 10. Qxd2 Nxe5
11. Nxe5 Qe7 12. Qe3 d6 13. Nc4 Qxe3+ 14. Nxe3 Nxb2 15. Be2 Bd7 16. O-O O-O 17. Nc3 b5 18. Rab1 Nc4 19. Nxc4 bxc4 20. Bxc4 Rab8
21. h3 Bf5 22. Rxb8 Rxb8 23. Nb5 a6 24. Nxc7 a5 25. Nb5 g6 26. Nxd6 Bc2 27. Re1 a4 28. Re8+ Rxe8 29. Nxe8 Kf8 30. Nf6 Kg7
31. Nd7 f5 32. Nc5 Kf6 33. a3 Ke5 34. Nd7+ Kd6 35. Nf8
1-0

[Event "2018 Happy Times ahead"]
[Site "SchemingMind.com"]
[Date "2018.01.28"]
[Round "-"]
[White "Transcendent"]
[Black "kenneth m day"]
[Result "0-1"]
[WhiteCountry "ENG"]
[BlackCountry "USA"]
[WhiteElo "1325"]
[WhiteRD "58"]
[BlackElo "1717"]
[BlackRD "58"]
[GameID "423838"]

1. Nf3 Nf6 2. d4 d6 3. c4 Nbd7 4. g3 e5 5. Bg2 Be7 6. O-O O-O 7. Nc3 exd4 8. Nxd4 c5 9. Nf5 Rb8 10. Nxe7+ Qxe7
11. Bg5 Re8 12. e3 h6 13. Bxf6 Nxf6 14. Qc2 Qe5
0-1

[Event "2018 Happy Times ahead"]
[Site "SchemingMind.com"]
[Date "2018.01.27"]
[Round "-"]
[White "kenneth m day"]
[Black "Helga1946"]
[Result "0-1"]
[WhiteCountry "USA"]
[BlackCountry "GER"]
[WhiteElo "1717"]
[WhiteRD "58"]
[BlackElo "2249"]
[BlackRD "67"]
[GameID "423839"]

1. e4 e5 2. f4 exf4 3. Nf3 Be7 4. Bc4 Bh4+ 5. Kf1 d6 6. Nc3 Bg4 7. d4 Bg5 8. Qd3 Bh6 9. Bd2 Nd7 10. h3 Bh5
11. Re1 Ne7 12. e5 Bg6 13. Qe2 dxe5 14. dxe5 Nf5 15. Qf2 Ng3+ 16. Kg1 Nxh1 17. Kxh1 Nb6 18. Bb3 O-O 19. Nh4 c5 20. Bxf4 c4
21. Ba4 Nxa4 22. Nxa4 Bxf4 23. Qxf4 Bxc2 24. Nc3 Qb6 25. Qc1 Bd3 26. Nd5 Qd8 27. Nf4 Qxh4 28. Nxd3 cxd3
0-1

[Event "2018 Happy Times ahead"]
[Site "SchemingMind.com"]
[Date "2018.01.28"]
[Round "-"]
[White "fanfan_la_Tulipe"]
[Black "cnile"]
[Result "1-0"]
[WhiteCountry "AUT"]
[BlackCountry "SCO"]
[WhiteElo "1997"]
[WhiteRD "81"]
[BlackElo "1491"]
[BlackRD "67"]
[GameID "424079"]

1. d4 d5 2. c4 e6 3. Nc3 Nf6 4. cxd5 exd5 5. Bg5 Nbd7 6. e3 c6 7. Bd3 Be7 8. Nge2 O-O 9. O-O h6 10. Bh4 Qc7
11. Rc1 Re8 12. Bg3 Qb6 13. Qc2 Nf8 14. h3 Be6 15. Nf4 Bd7 16. Na4 Qd8 17. Nc5 Qc8 18. Nxd7 Qxd7 19. Bf5 Ne6 20. a3 Bd6
21. Rfe1 Qe7 22. Bxe6 fxe6 23. Ng6 Qd7 24. Be5 Bxe5 25. Nxe5 Qd6 26. Qg6 Qc7 27. b4 Rad8 28. b5 Qa5 29. bxc6 bxc6 30. Nxc6 Qb6
31. Nxd8 Qxd8 32. Rc6 Qa5 33. Rec1 Qxa3 34. Rc7 Qf8 35. Rxa7 Rb8 36. Rcc7 Ne8 37. Qxe6+ Kh8 38. Rf7 Rb1+ 39. Kh2 Qd6+ 40. Qxd6 Nxd6
41. Rxg7 Nf5 42. Rgf7 Nd6 43. Rfd7 Rb2 44. Rd8+ Ne8 45. Rxe8#
1-0

[Event "2018 Happy Times ahead"]
[Site "SchemingMind.com"]
[Date "2018.01.28"]
[Round "-"]
[White "Shanks"]
[Black "fanfan_la_Tulipe"]
[Result "0-1"]
[WhiteCountry "ENG"]
[BlackCountry "AUT"]
[WhiteElo "1313"]
[WhiteRD "66"]
[BlackElo "2024"]
[BlackRD "94"]
[GameID "424080"]

1. d4 Nf6 2. Nc3 d5 3. Bg5 Nbd7 4. f3 c6 5. e3 h6 6. Bh4 e5 7. Qd2 Bb4 8. a3 Ba5 9. b4 Bb6 10. Nh3 O-O
11. Be2 Re8 12. dxe5 Nxe5 13. O-O Bxh3 14. Bf2 Bf5 15. Ra2 Be6 16. f4 Neg4 17. Bxg4 Nxg4 18. Bg3 Bxe3+ 19. Qxe3 Nxe3 20. Rc1 Nf5
21. Bf2 d4 22. Ne4 Bxa2 23. Nc5 b6 24. Nd3 Ne3 25. Bxe3 dxe3 26. c4 Qxd3
0-1

[Event "2018 Happy Times ahead"]
[Site "SchemingMind.com"]
[Date "2018.01.28"]
[Round "-"]
[White "fanfan_la_Tulipe"]
[Black "Phillip Beckett"]
[Result "1-0"]
[WhiteCountry "AUT"]
[BlackCountry "ENG"]
[WhiteElo "2025"]
[WhiteRD "90"]
[BlackElo "1605"]
[BlackRD "56"]
[GameID "424081"]

1. d4 d5 2. c4 e6 3. Nc3 Nf6 4. cxd5 Nxd5 5. e4 Nxc3 6. bxc3 c5 7. Nf3 cxd4 8. cxd4 Nc6 9. Be2 Bb4+ 10. Bd2 Qa5
11. Bxb4 Qxb4+ 12. Qd2 Qxd2+ 13. Kxd2 Bd7 14. Rab1 b6 15. Rhc1 Ke7 16. d5 exd5 17. exd5 Na5 18. Rc7 Kd6 19. Rbc1 Rhc8 20. Rxc8 Rxc8
21. Rxc8 Bxc8 22. Ng5 f6 23. Nxh7 Kxd5 24. Bd3 Nc4+ 25. Kc3 Ne5 26. Be2 Bf5 27. Nf8 Ng4 28. Bf3+ Kd6 29. Bxg4 Bxg4 30. Ng6 Be6
31. a3 Bd5 32. f3 a6 33. Kd4 b5 34. Nf4 Bc4 35. Nh5 Bf1 36. g3 Bg2 37. Nxg7 Bxf3 38. Nf5+ Ke6 39. Ne3 f5 40. Nc2 Kd6
41. Nb4 a5 42. Nd3 Be4 43. Nf4 b4 44. axb4 axb4 45. Kc4 Ke5 46. h4 Kf6 47. Kxb4 Bf3 48. Kc4 Bg4 49. Kd4 Bd1 50. Ke3 Bg4
51. Nd3 Kg6 52. Kf4 Kh5 53. Nf2
1-0

[Event "2018 Happy Times ahead"]
[Site "SchemingMind.com"]
[Date "2018.01.29"]
[Round "-"]
[White "Transcendent"]
[Black "fanfan_la_Tulipe"]
[Result "0-1"]
[WhiteCountry "ENG"]
[BlackCountry "AUT"]
[WhiteElo "1325"]
[WhiteRD "58"]
[BlackElo "1997"]
[BlackRD "81"]
[GameID "424082"]

1. d4 Nf6 2. c4 g6 3. g3 Bg7 4. Bg2 O-O 5. Nc3 d6 6. Nf3 Nbd7 7. O-O Re8 8. e4 e5 9. d5 Nc5 10. Qe2 a5
11. h3 h6 12. a3 Bd7 13. Rb1 Ncxe4 14. Nxe4 Nxe4 15. b4 Nc3 16. Qc2 Nxb1 17. Qxb1 axb4 18. axb4 Bf5
0-1

[Event "2018 Happy Times ahead"]
[Site "SchemingMind.com"]
[Date "2018.01.28"]
[Round "-"]
[White "fanfan_la_Tulipe"]
[Black "kenneth m day"]
[Result "1-0"]
[WhiteCountry "AUT"]
[BlackCountry "USA"]
[WhiteElo "1997"]
[WhiteRD "81"]
[BlackElo "1717"]
[BlackRD "58"]
[GameID "424083"]

1. d4 d5 2. c4 c6 3. Nc3 dxc4 4. e4 e5 5. Nf3 Bg4 6. Bxc4 Nf6 7. Bxf7+ Kxf7 8. Nxe5+ Ke8 9. Nxg4 Be7 10. Be3 Nbd7
11. O-O Rf8 12. Nxf6+ Nxf6 13. e5 Nd5 14. Qh5+ Kd7 15. Nxd5 cxd5 16. Qxh7 Rf7 17. Qh3+ Ke8 18. Rfe1 Rc8 19. e6
1-0

[Event "2018 Happy Times ahead"]
[Site "SchemingMind.com"]
[Date "2018.01.28"]
[Round "-"]
[White "fanfan_la_Tulipe"]
[Black "Helga1946"]
[Result "0-1"]
[WhiteCountry "AUT"]
[BlackCountry "GER"]
[WhiteElo "2025"]
[WhiteRD "90"]
[BlackElo "2278"]
[BlackRD "66"]
[GameID "424084"]

1. d4 d5 2. c4 dxc4 3. e4 b5 4. a4 c6 5. axb5 cxb5 6. Nc3 Bd7 7. Nf3 e6 8. Be2 Nf6 9. O-O Bb4 10. d5 Bxc3
11. bxc3 exd5 12. exd5 O-O 13. Qd4 Bf5 14. Bg5 Nbd7 15. Ne5 Qb6 16. Nc6 Qxd4 17. Nxd4 Bd3 18. Bxd3 cxd3 19. Nxb5 Nxd5 20. Rxa7 Rxa7
21. Nxa7 Ne5 22. Rc1 f6 23. Bd2 Nc4 24. Rd1 Nxd2 25. Rxd2 Ra8 26. Rxd3 Rxa7 27. f3 Ra1+ 28. Kf2 Ra2+ 29. Kg3 Rxg2+
0-1

[Event "2018 Happy Times ahead"]
[Site "SchemingMind.com"]
[Date "2018.02.02"]
[Round "-"]
[White "fanfan_la_Tulipe"]
[Black "TheHornedReaper "]
[Result "1-0"]
[WhiteCountry "AUT"]
[BlackCountry "ROU"]
[WhiteElo "1997"]
[WhiteRD "81"]
[BlackElo "1246"]
[BlackRD "49"]
[GameID "424085"]

1. d4 d5 2. c4 e6 3. Nc3 Nf6 4. cxd5 exd5 5. Bg5 c6 6. e3 Be7 7. Bd3 O-O 8. Nge2 Be6 9. Qc2 Nbd7 10. O-O Re8
11. f3
1-0

[Event "2018 Happy Times ahead"]
[Site "SchemingMind.com"]
[Date "2018.02.01"]
[Round "-"]
[White "cnile"]
[Black "Johnny Owens"]
[Result "0-1"]
[WhiteCountry "SCO"]
[BlackCountry "USA"]
[WhiteElo "1511"]
[WhiteRD "67"]
[BlackElo "2016"]
[BlackRD "74"]
[GameID "424150"]

1. e4 d5 2. exd5 Qxd5 3. Nf3 Nf6 4. Nc3 Qd6 5. d4 a6 6. h3 Nbd7 7. Bd3 c5 8. dxc5 Nxc5 9. O-O e6 10. Be3 Nxd3
11. Qxd3 Qxd3 12. cxd3 Bd7 13. a3 Be7 14. d4 O-O 15. Na4 Bxa4 16. Rac1 Nd5 17. Bd2 f6 18. Rfe1 Kf7 19. Rc4 Bb5 20. Rcc1 Rac8
21. Ba5 Nf4 22. Rxc8 Rxc8 23. Bc3 Ne2+ 24. Kh1 Nxc3 25. bxc3 Bxa3 26. Rb1 Rxc3 27. Re1 Bc6
0-1

[Event "2018 Happy Times ahead"]
[Site "SchemingMind.com"]
[Date "2018.01.29"]
[Round "-"]
[White "Johnny Owens"]
[Black "fanfan_la_Tulipe"]
[Result "1-0"]
[WhiteCountry "USA"]
[BlackCountry "AUT"]
[WhiteElo "2110"]
[WhiteRD "69"]
[BlackElo "2005"]
[BlackRD "77"]
[GameID "424151"]

1. Nf3 Nf6 2. b3 g6 3. Bb2 Bg7 4. g3 O-O 5. Bg2 c5 6. c4 Nc6 7. O-O e6 8. e3 d5 9. Ne5 Nxe5 10. Bxe5 dxc4
11. bxc4 Qd3 12. Qb3 Qxb3 13. axb3 Rd8 14. Rd1 Ng4 15. Bxg7 Kxg7 16. Nc3 Ne5 17. d4 cxd4 18. Rxd4 Rxd4 19. exd4 Nc6 20. Bxc6 bxc6
21. Na4 Rb8 22. Nc5 a6 23. f4 Kf6 24. Kf2 Ke7 25. g4 Kd6 26. g5 Ke7 27. h4 Kd8 28. Kf3 Ke7 29. Rh1 Kd6 30. h5 Ke7
31. Ke4 Kf8 32. hxg6 hxg6 33. Nd7+
1-0

[Event "2018 Happy Times ahead"]
[Site "SchemingMind.com"]
[Date "2018.02.01"]
[Round "-"]
[White "Johnny Owens"]
[Black "Shanks"]
[Result "1-0"]
[WhiteCountry "USA"]
[BlackCountry "ENG"]
[WhiteElo "1966"]
[WhiteRD "75"]
[BlackElo "1402"]
[BlackRD "66"]
[GameID "424152"]

1. Nf3 Nf6 2. b3 d5 3. Bb2 e6 4. e3 c6 5. d4 Ne4 6. Nbd2 Nd6 7. c4 b6 8. c5 bxc5 9. dxc5 Nf5 10. e4 dxe4
11. Nxe4 Qxd1+ 12. Rxd1 Bb7 13. g4 Ne7 14. Nd6+ Kd7 15. Ne5+ Kd8 16. Nexf7+ Kc7 17. Ne8+ Kc8 18. Rd8#
1-0

[Event "2018 Happy Times ahead"]
[Site "SchemingMind.com"]
[Date "2018.01.29"]
[Round "-"]
[White "Phillip Beckett"]
[Black "Johnny Owens"]
[Result "0-1"]
[WhiteCountry "ENG"]
[BlackCountry "USA"]
[WhiteElo "1643"]
[WhiteRD "55"]
[BlackElo "1966"]
[BlackRD "75"]
[GameID "424153"]

1. d4 e6 2. c4 Nf6 3. Nc3 Bb4 4. e3 O-O 5. a3 Bxc3+ 6. bxc3 c5 7. Bd3 d6 8. Nf3 e5 9. Bc2 Nc6 10. d5 Na5
11. Qe2 e4 12. Nd2 Qe7 13. O-O Bf5 14. Nb3 Nxb3 15. Bxb3 Ng4 16. h3 Ne5 17. Bb2 Bxh3 18. gxh3 Nf3+ 19. Kh1 Qh4 20. Kg2 Qg5+
21. Kh1 Qh5 22. Kg2 Nh4+
0-1

[Event "2018 Happy Times ahead"]
[Site "SchemingMind.com"]
[Date "2018.01.30"]
[Round "-"]
[White "kenneth m day"]
[Black "Johnny Owens"]
[Result "0-1"]
[WhiteCountry "USA"]
[BlackCountry "USA"]
[WhiteElo "1722"]
[WhiteRD "59"]
[BlackElo "2016"]
[BlackRD "74"]
[GameID "424155"]

1. e4 c5 2. d4 d6 3. Nf3 cxd4 4. c3 dxc3 5. Nxc3 Nc6 6. Bc4 h6 7. O-O Nf6 8. Qe2 e5 9. Rd1 Be7 10. Bd2 O-O
11. Rac1 Bg4 12. Be3 Qd7 13. h3 Bh5 14. g4 Nxg4 15. hxg4 Qxg4+ 16. Kf1 Qh3+ 17. Ke1 Bxf3 18. Qf1 Qh2 19. Rd3 Nd4 20. Bxd4 Bg2
21. Qe2 exd4 22. Nd5 Bg5 23. f4 Rfe8 24. fxg5 Rxe4 25. Qxe4 Bxe4 26. Rxd4 Qg1+
0-1

[Event "2018 Happy Times ahead"]
[Site "SchemingMind.com"]
[Date "2018.01.30"]
[Round "-"]
[White "Helga1946"]
[Black "Johnny Owens"]
[Result "0-1"]
[WhiteCountry "GER"]
[BlackCountry "USA"]
[WhiteElo "2249"]
[WhiteRD "67"]
[BlackElo "1966"]
[BlackRD "75"]
[GameID "424156"]

1. c4 e6 2. d4 Nf6 3. Qc2 d5 4. a3 dxc4 5. Qxc4 Nbd7 6. Nc3 a6 7. Bg5 c5 8. Rd1 b5 9. Qd3 h6 10. Bxf6 Nxf6
11. Qf3 Bd7 12. dxc5 Bxc5 13. b4 Be7 14. e4 Qc7 15. Nge2 O-O 16. Qg3 e5 17. f4 Bc6 18. fxe5 Nxe4 19. Nxe4 Bxe4 20. Rc1 Qb7
21. Ra1 a5 22. Nf4 axb4
0-1

[Event "2018 Happy Times ahead"]
[Site "SchemingMind.com"]
[Date "2018.01.31"]
[Round "-"]
[White "cnile"]
[Black "Robert Bruce"]
[Result "0-1"]
[WhiteCountry "SCO"]
[BlackCountry "SCO"]
[WhiteElo "1466"]
[WhiteRD "64"]
[BlackElo "2313"]
[BlackRD "72"]
[GameID "424159"]

1. e4 Nf6 2. Nc3 e5 3. f4 d5 4. fxe5 Nxe4 5. Nf3 Be7 6. Qe2 Nxc3 7. dxc3 O-O 8. Bf4 c5 9. O-O-O Nc6 10. Kb1 Qa5
11. Rxd5 Be6 12. Rd1 Qxa2+ 13. Kc1 Rfd8 14. Nd2 Qa1+ 15. Nb1 Ba2 16. Rxd8+ Rxd8 17. Bd2 Qxb1#
0-1

[Event "2018 Happy Times ahead"]
[Site "SchemingMind.com"]
[Date "2018.02.01"]
[Round "-"]
[White "Shanks"]
[Black "Robert Bruce"]
[Result "0-1"]
[WhiteCountry "ENG"]
[BlackCountry "SCO"]
[WhiteElo "1354"]
[WhiteRD "67"]
[BlackElo "2294"]
[BlackRD "73"]
[GameID "424160"]

1. d4 f5 2. e3 Nf6 3. Nc3 e6 4. Nf3 d5 5. Ne5 c5 6. Bb5+ Bd7 7. Nxd7 Nbxd7 8. Be2 Rc8 9. O-O a6 10. a3 Bd6
11. f4 O-O 12. Bd2 Rf7 13. Be1 Qb6 14. dxc5 Bxc5 15. Bf2 Bxe3 16. Bxe3 Qxe3+ 17. Kh1 Qb6 18. Qc1 Nc5 19. a4 d4 20. Nd1 Nb3
21. cxb3 Rxc1 22. Rxc1 Ne4 23. Bc4 Nd2 24. Re1 Nxc4 25. bxc4 Rd7 26. c5 Qb3 27. h3 d3 28. Rb1 d2 29. Rf1 Qxa4 30. b4 Rd4
31. Kh2 Rxb4 32. Rxb4 Qxb4 33. Nf2 Qxf4+ 34. Kg1 Qe3 35. Kh1 Qe1 36. Rxe1 dxe1=Q+ 37. Kh2 Qxf2
0-1

[Event "2018 Happy Times ahead"]
[Site "SchemingMind.com"]
[Date "2018.01.31"]
[Round "-"]
[White "Robert Bruce"]
[Black "Phillip Beckett"]
[Result "1-0"]
[WhiteCountry "SCO"]
[BlackCountry "ENG"]
[WhiteElo "2313"]
[WhiteRD "72"]
[BlackElo "1550"]
[BlackRD "52"]
[GameID "424161"]

1. d4 d5 2. Nf3 Nf6 3. c4 e6 4. Nc3 Be7 5. Bf4 O-O 6. a3 c6 7. e3 Nbd7 8. h3 Re8 9. Bd3 dxc4 10. Bxc4 c5
11. dxc5 Nxc5 12. Qc2 Nce4 13. Nxe4 Bd7 14. Ne5 Bc6 15. Nxc6 bxc6 16. Rd1 Qa5+ 17. Nd2 Rad8 18. O-O Nd5 19. Bh2 Nf6 20. Be2 c5
21. Nc4 Qb5 22. Nd6
1-0